« Retourner aux résultats de recherche
Spirou et la gorgone bleue
| Auteur principal: | Dany |
|---|---|
| D'autres auteurs: | Yann |
| Support: | Livres |
| Langue: | Francais |
| Publié: |
DL 2019 Dupuis Paris |
| Genre: |
Bande Dessinée enfant ado |
| Sujets: | |
| Étiquettes: |
Ajouter
Pas de Tags !
|
| LEADER | 00664nam0a2200193 450 | ||
|---|---|---|---|
| 001 | 16842922 | ||
| 010 | |a 978-2-8001-6780-0 |b rel. |d 18,95 | ||
| 100 | |a 20230905d2026 u u0frey01 ba | ||
| 101 | 0 | |a fre | |
| 102 | |a FR | ||
| 200 | 0 | |a Spirou et la gorgone bleue |f dessin et couleurs, Dany |g scénario, Yann | |
| 207 | 1 | |a | |
| 210 | |a Paris |b 57, bd de La Villette |c Dupuis |d DL 2019 | ||
| 215 | |a 1 vol. (88 p.) |c ill. en coul. |d 32 cm | ||
| 700 | 0 | |a Dany |f 1943-.... |4 440 | |
| 702 | 0 | |a Yann |f 1954-.... |4 70 | |
| 900 | |a Bande Dessinée enfant ado | ||
| 901 | |a Accessible au prêt | ||
| 995 | |a Bibliothèque |c Bibliothèque |f 024024022 |h 024024022 |k BD TOM |o p |q j |r az |e Bibliothèque | ||
